Cur Deus homo?: reflections on divine power and ontology in Barth's doctrine of reconciliation, Church Dogmatics IV/1, §59
| Main Author: | |
|---|---|
| Format: | Print Article |
| Language: | English |
| Check availability: | HBZ Gateway |
| Interlibrary Loan: | Interlibrary Loan for the Fachinformationsdienste (Specialized Information Services in Germany) |
| Published: |
2016
|
| In: |
Zeitschrift für dialektische Theologie
Year: 2016, Volume: 32, Issue: 1, Pages: 119-135 |
| Further subjects: | B
Election (Theology)
B Ontology B God Activity B Obedience (Theology) B Peer reviewed B Atonement History of doctrines 1900 B Jesus Christ B Substitution Religious aspects B Reconciliation (Theology) B Suffering of God B God Omnipotence B White, Thomas Joseph, 1971- B Barth, Karl, 1886-1968 B Judgment of God |
MARC
| LEADER | 00000caa a22000002c 4500 | ||
|---|---|---|---|
| 001 | 1576744574 | ||
| 003 | DE-627 | ||
| 005 | 20231017135654.0 | ||
| 007 | tu | ||
| 008 | 180621s2016 xx ||||| 00| ||eng c | ||
| 035 | |a (DE-627)1576744574 | ||
| 035 | |a (DE-576)506744574 | ||
| 035 | |a (DE-599)BSZ506744574 | ||
| 040 | |a DE-627 |b ger |c DE-627 |e rda | ||
| 041 | |a eng | ||
| 084 | |a 1 |2 ssgn | ||
| 100 | 1 | |e VerfasserIn |0 (DE-588)1161570640 |0 (DE-627)1024858022 |0 (DE-576)506745813 |4 aut |a Chao, David C. | |
| 109 | |a Chao, David C. | ||
| 245 | 1 | 0 | |a Cur Deus homo? |b reflections on divine power and ontology in Barth's doctrine of reconciliation, Church Dogmatics IV/1, §59 |c David C Chao |
| 264 | 1 | |c 2016 | |
| 336 | |a Text |b txt |2 rdacontent | ||
| 337 | |a ohne Hilfsmittel zu benutzen |b n |2 rdamedia | ||
| 338 | |a Band |b nc |2 rdacarrier | ||
| 601 | |a Ontologie | ||
| 601 | |a doctrina | ||
| 650 | 4 | |a Atonement |x History of doctrines |x 1900 | |
| 650 | 4 | |a Barth, Karl, 1886-1968 | |
| 650 | 4 | |a Election (Theology) | |
| 650 | 4 | |a God |x Activity | |
| 650 | 4 | |a God |x Omnipotence | |
| 650 | 4 | |a Jesus Christ | |
| 650 | 4 | |a Judgment of God | |
| 650 | 4 | |a Obedience (Theology) | |
| 650 | 4 | |a Ontology | |
| 650 | 4 | |a Reconciliation (Theology) | |
| 650 | 4 | |a Substitution |x Religious aspects | |
| 650 | 4 | |a Suffering of God | |
| 650 | 4 | |a White, Thomas Joseph, 1971- | |
| 655 | 4 | |a Peer reviewed | |
| 773 | 0 | 8 | |i Enthalten in |t Zeitschrift für dialektische Theologie |d Leipzig : Evangelische Verlagsanstalt, 1985 |g 32(2016), 1, Seite 119-135 |w (DE-627)168779943 |w (DE-600)846787-0 |w (DE-576)016204123 |x 0169-7536 |7 nnas |
| 773 | 1 | 8 | |g volume:32 |g year:2016 |g number:1 |g pages:119-135 |
| 951 | |a AR | ||
| ELC | |b 1 | ||
| ITA | |a 1 |t 1 | ||
| LOK | |0 000 xxxxxcx a22 zn 4500 | ||
| LOK | |0 001 3013343524 | ||
| LOK | |0 003 DE-627 | ||
| LOK | |0 004 1576744574 | ||
| LOK | |0 005 20180621154433 | ||
| LOK | |0 008 180621||||||||||||||||ger||||||| | ||
| LOK | |0 040 |a DE-Tue135 |c DE-627 |d DE-Tue135 | ||
| LOK | |0 092 |o n | ||
| LOK | |0 852 |a DE-Tue135 | ||
| LOK | |0 852 1 |9 00 | ||
| LOK | |0 935 |a ixzs |a ixzo | ||
| LOK | |0 939 |a 21-06-18 |b l01 | ||
| ORI | |a SA-MARC-ixtheoa001.raw | ||
| STA | 0 | 0 | |a Substitution |
| STB | 0 | 0 | |a Substitution |
| STC | 0 | 0 | |a Substitución |
| STD | 0 | 0 | |a Sostituzione |
| STE | 0 | 0 | |a 替代 |
| STF | 0 | 0 | |a 替代 |
| STG | 0 | 0 | |a Substituição |
| STH | 0 | 0 | |a Субституция |
| STI | 0 | 0 | |a Υποκατάσταση |